000 01287nam a2200301 a 4500
001 000015165
003 DO-SdBNP
005 20220628095102.0
008 100202s2000 dr ac r 001 0bspa d
020 _a999343003X
040 _aDO-SdBNP
_bspa
_cBPMSU
082 _a927.597293
_bA516x 2000
_222
100 1 _aAmiama de Castro, Octavio
245 1 0 _aXavier Amiama, pintor de la noche de Haití :
_bbiografía novelada /
_cOctavio Amiama de Castro.
260 _aSanto Domingo :
_bBanco Central,
_c2000.
300 _a194 p. :
_bil., retrs. ;
_c24 cm.
490 0 _aBanco Central de la República Dominicana
504 _aBibliografía : p. 167-171.
505 0 _gIntroducción --
_tI: Antecedentes --
_tII: Cuba, la primera bandera --
_tIII: La segunda bandera --
_tIV: La tercera bandera --
_tHermanos de Xavier --
_tDeclaraciones del Sr. George Nader --
_tJuicio acerca de Xavier como artista --
_tClave de notas y bibliografía --
_tFotos.
590 _aInventariado,2022/VM
600 1 4 _aAmiama Quesada, Xavier
_d1910-1969
_vBiografías
650 4 _aPintores dominicanos
_xBiografías
650 4 _aPintura dominicana
_xHistoria
650 4 _aPintura caribeña
_xHistoria
710 2 _aBanco Central de la República Dominicana
910 _a VMateo V.
942 _2ddc
_cBK
999 _c14002
_d14002